000 00359nam a2200145Ia 4500
008 230718s9999 xx 000 0 und d
041 _aEng.
082 _a341.4
_bSHE-I
100 _aSheikh,Hbib-ur-Rehman
245 0 _ainternational Judicial Conference
260 _aPakistan
_bLaw,Justice,Islamabad
_c2012
300 _a529
650 _aLaw
999 _c30612
_d30612